The catalytic strategy of P-O bond-cleaving enzymes: comparing EcoRV and Myosin
Saved in:
| Main Authors: | , |
|---|---|
| Format: | Chapter/Article |
| Language: | English |
| Published: |
2014
|
| In: |
Molecular catalysts
Year: 2014, Pages: 359-376 |
| Online Access: |
|
| Author Notes: | Farooq Ahmad Kiani and Stefan Fischer |
MARC
| LEADER | 00000caa a22000002c 4500 | ||
|---|---|---|---|
| 001 | 1504713621 | ||
| 003 | DE-627 | ||
| 005 | 20240705205656.0 | ||
| 007 | tu | ||
| 008 | 150630s2014 xx ||||| 00| ||eng c | ||
| 035 | |a (DE-627)1504713621 | ||
| 035 | |a (DE-576)434713627 | ||
| 035 | |a (DE-599)BSZ434713627 | ||
| 035 | |a (OCoLC)1340696993 | ||
| 040 | |a DE-627 |b ger |c DE-627 |e rakwb | ||
| 041 | |a eng | ||
| 084 | |a 30 |2 sdnb | ||
| 100 | 1 | |a Kiani, Farooq Ahmad |0 (DE-588)132274280 |0 (DE-627)520398785 |0 (DE-576)258672374 |4 aut | |
| 245 | 1 | 4 | |a The catalytic strategy of P-O bond-cleaving enzymes |b comparing EcoRV and Myosin |c Farooq Ahmad Kiani and Stefan Fischer |
| 264 | 1 | |c 2014 | |
| 300 | |a 18 | ||
| 336 | |a Text |b txt |2 rdacontent | ||
| 337 | |a ohne Hilfsmittel zu benutzen |b n |2 rdamedia | ||
| 338 | |a Band |b nc |2 rdacarrier | ||
| 700 | 1 | |a Fischer, Stefan |0 (DE-588)1026232961 |0 (DE-627)726307378 |0 (DE-576)371534100 |4 aut | |
| 773 | 0 | 8 | |i In |t Molecular catalysts |b 1. ed. |d Weinheim : Wiley-VCH, 2014 |g (2014), Seite 359-376 |h XXXII, 493 S. |w (DE-627)778383431 |w (DE-576)411142038 |z 3527335218 |z 9783527335213 |7 nnam |a The catalytic strategy of P-O bond-cleaving enzymes comparing EcoRV and Myosin |
| 773 | 1 | 8 | |g year:2014 |g pages:359-376 |g extent:18 |a The catalytic strategy of P-O bond-cleaving enzymes comparing EcoRV and Myosin |
| 776 | 0 | 8 | |i Erscheint auch als |n Online-Ausgabe |a Kiani, Farooq Ahmad |t The catalytic strategy of P-O bond-cleaving enzymes |d 2014 |w (DE-627)1504645634 |w (DE-576)43464563X |
| 951 | |a AR | ||
| 992 | |a 20150630 | ||
| 993 | |a BookComponentPart | ||
| 998 | |g 1026232961 |a Fischer, Stefan |m 1026232961:Fischer, Stefan |d 700000 |d 708000 |e 700000PF1026232961 |e 708000PF1026232961 |k 0/700000/ |k 1/700000/708000/ |p 2 |y j | ||
| 998 | |g 132274280 |a Kiani, Farooq Ahmad |m 132274280:Kiani, Farooq Ahmad |d 700000 |d 708000 |e 700000PK132274280 |e 708000PK132274280 |k 0/700000/ |k 1/700000/708000/ |p 1 |x j | ||
| 999 | |a KXP-PPN1504713621 |e 2847380418 | ||
| BIB | |a Y | ||
| JSO | |a {"physDesc":[{"extent":"18 S."}],"type":{"bibl":"chapter"},"relHost":[{"id":{"isbn":["3527335218","9783527335213"],"eki":["778383431"]},"recId":"778383431","note":["Literaturangaben"],"part":{"text":"(2014), Seite 359-376","pages":"359-376","year":"2014","extent":"18"},"physDesc":[{"extent":"XXXII, 493 S.","noteFormat":"244 mm x 170 mm","noteIll":"Ill., graph. Darst."}],"title":[{"title_sort":"Molecular catalysts","subtitle":"structure and functional design","title":"Molecular catalysts"}],"name":{"displayForm":["ed. by Lutz H. Gade and Peter Hofmann. [With a foreword by Nobel laureate Roald Hoffmann]"]},"language":["eng"],"origin":[{"editionNo":"1","publisher":"Wiley-VCH","dateIssuedKey":"2014","dateIssuedDisp":"2014","publisherPlace":"Weinheim","edition":"1. ed."}],"person":[{"display":"Gade, Lutz H.","given":"Lutz H.","family":"Gade","role":"edt"},{"role":"edt","family":"Hofmann","given":"Peter","display":"Hofmann, Peter"},{"role":"oth","family":"Hoffmann","given":"Roald","display":"Hoffmann, Roald"}],"disp":"The catalytic strategy of P-O bond-cleaving enzymes comparing EcoRV and MyosinMolecular catalysts","type":{"bibl":"edited-book"}}],"title":[{"subtitle":"comparing EcoRV and Myosin","title":"The catalytic strategy of P-O bond-cleaving enzymes","title_sort":"catalytic strategy of P-O bond-cleaving enzymes"}],"id":{"eki":["1504713621"]},"name":{"displayForm":["Farooq Ahmad Kiani and Stefan Fischer"]},"recId":"1504713621","language":["eng"],"origin":[{"dateIssuedDisp":"2014","dateIssuedKey":"2014"}],"person":[{"role":"aut","display":"Kiani, Farooq Ahmad","given":"Farooq Ahmad","family":"Kiani"},{"role":"aut","given":"Stefan","display":"Fischer, Stefan","family":"Fischer"}]} | ||
| SRT | |a KIANIFAROOCATALYTICS2014 | ||